ARRUPE JESUIT UNIVERSITY

CORONAVIRUS -STOP THE SPREAD - CLEAN,DISINFECT,COVER

Culture and customs of Ghana / (Record no. 124675)

MARC details
000 -LEADER
fixed length control field 01094cam a2200301 a 4500
001 - CONTROL NUMBER
control field 12584430
003 - CONTROL NUMBER IDENTIFIER
control field ARRUPE
005 - DATE AND TIME OF LATEST TRANSACTION
control field 20160421124205.0
008 - FIXED-LENGTH DATA ELEMENTS--GENERAL INFORMATION
fixed length control field 011108s2002 ctuab b 001 0 eng
010 ## - LIBRARY OF CONGRESS CONTROL NUMBER
LC control number 2001055614
020 ## - INTERNATIONAL STANDARD BOOK NUMBER
International Standard Book Number 0313320500 (alk. paper)
040 ## - CATALOGING SOURCE
Original cataloging agency DLC
Transcribing agency DLC
Modifying agency DLC
043 ## - GEOGRAPHIC AREA CODE
Geographic area code f-gh---
050 00 - LIBRARY OF CONGRESS CALL NUMBER
Classification number DT510.4
Item number .S25 2002
082 00 - DEWEY DECIMAL CLASSIFICATION NUMBER
Classification number 306/.09667
Edition number 21
300 ## - PHYSICAL DESCRIPTION
Other physical details ill., map ;
Dimensions 24 cm.
100 1# - MAIN ENTRY--PERSONAL NAME
Personal name Salm, Steven J.,
Dates associated with a name 1966-
9 (RLIN) 24016
245 10 - TITLE STATEMENT
Title Culture and customs of Ghana /
Statement of responsibility, etc Steven J. Salm and Toyin Falola.
260 ## - PUBLICATION, DISTRIBUTION, ETC. (IMPRINT)
Place of publication, distribution, etc Westport, Conn. :
Name of publisher, distributor, etc Greenwood Press,
Date of publication, distribution, etc 2002.
300 ## - PHYSICAL DESCRIPTION
Extent xx, 224 p. :
440 #0 - SERIES STATEMENT/ADDED ENTRY--TITLE
Title Culture and customs of Africa,
International Standard Serial Number 1530-8367
9 (RLIN) 24017
504 ## - BIBLIOGRAPHY, ETC. NOTE
Bibliography, etc Includes bibliographical references (p. [199]-211) and index.
651 #0 - SUBJECT ADDED ENTRY--GEOGRAPHIC NAME
Geographic name Ghana
General subdivision Social life and customs.
9 (RLIN) 826
651 #0 - SUBJECT ADDED ENTRY--GEOGRAPHIC NAME
Geographic name Ghana
General subdivision Civilization.
9 (RLIN) 24018
700 1# - ADDED ENTRY--PERSONAL NAME
Personal name Falola, Toyin.
9 (RLIN) 24019
906 ## - LOCAL DATA ELEMENT F, LDF (RLIN)
a 7
b cbc
c orignew
d 1
e ocip
f 20
g y-gencatlg
942 ## - ADDED ENTRY ELEMENTS (KOHA)
Source of classification or shelving scheme Library of Congress Classification
Koha item type Monograph ( Printed materials)
Holdings
Withdrawn status Lost status Source of classification or shelving scheme Damaged status Not for loan Collection code Home library Current library Shelving location Date acquired Total Checkouts Full call number Barcode Date last seen Date checked out Price effective from Koha item type
    Library of Congress Classification     Main Collection ARRUPE LIBRARY ARRUPE LIBRARY Main Collection 21/04/2016 1 DT510.4 .S25 2002 46500006567 11/11/2019 29/10/2019 21/04/2016 Monograph ( Printed materials)

 

Arrupe Library. PO Box MP320 Mt Pleasant, Harare, Zimbabwe
263 242 745411|librarian@aju.ac.zw